| 000 | 00842nam a2200193 a 4500 | ||
|---|---|---|---|
| 001 | 000045862 | ||
| 005 | 20260305073952.0 | ||
| 008 | 110831s1985 dr 000 0 spa d | ||
| 040 |
_aDO-SdBNP _bspa _cBNPHU |
||
| 082 |
_axxxx _bxxxx |
||
| 100 | 1 |
_aMontás, Onorio _959042 |
|
| 245 | 1 | 0 |
_aArte Taíno / _cOnorio Montás, Pedro José Borrell, Frank Moya Pons. |
| 250 | _a2a ed. | ||
| 260 |
_aSanto Domingo : _bBanco Central de la República Dominicana, _c1985. |
||
| 300 |
_a231 p. : _bil. ; _c32 cm. |
||
| 505 | 0 |
_tPresentación -- _tLos Taínos -- _tObjetivos utilizados en el ritual de la cohoba -- _tAdornos personales -- _tRecipientes -- _tObjetos utilitarios -- _tObjetos y diseños ceremoniales o de juego -- _tColeccionistas -- _tIsla de procedencia |
|
| 700 | 1 |
_aBorrell B., Pedro J., _d1944- _966970 |
|
| 700 | 1 |
_aMoya Pons, Frank, _d1944- _92095 |
|
| 999 |
_c45351 _d45351 |
||